000 01645nam a22002177a 4500
999 _c36920
_d36920
005 20251125232928.0
008 s2544 th o tha d
040 _aNALT
086 _aสผ 10 7.3 352.43 2545
110 2 _aสำนักงานเลขาธิการสภาผู้แทนราษฎร.
_bกองกรรมาธิการ 1
_95702
245 1 0 _aรายงานของคณะกรรมาธิการวิสามัญพิจารณาร่างพระราชบัญญัติงบประมาณรายจ่าย ประจำปีงบประมาณ พ.ศ.2545 เล่มที่ 2 : ประกอบด้วย 1.รายการปรับลด 2.รายการเปลี่ยนแปลง 3.รายการเปลี่ยนแปลง แผนงาน/งาน/โครงการ /
_cกองกรรมาธิการ 1 สำนักงานเลขาธิการสภาผู้แทนราษฎร.
260 _aกรุงเทพฯ :
_bกองกรรมาธิการ 1 สำนักงานเลขาธิการสภาผู้แทนราษฎร,
_c2544.
300 _a1 เล่ม :
_bตาราง ;
_c30 ซม.
650 0 _aการคลัง
_929246
650 0 _aงบประมาณ
_zไทย
_y2545
_932803
650 0 _aรายจ่ายของรัฐ
_921128
850 _aNALT
856 4 0 _uhttps://hdl.handle.net/20.500.14156/409145
942 _cPAR
_2local
998 _j25
_k นีลวัสน์ อินทรักษา